000 00569cam a22002052 4500
001 0000002149
005 20151217155202.0
008 070403s xx 000 0 eng d
040 _aKABU
_cKABU
050 0 _aHF5387
_b.V45 2002
100 1 _aVelasquez, Manuel G.
_@0000151400
245 1 0 _aBusiness ethics :
_bconcepts and cases.
250 _a5th ed.
260 _aDelhi :
_bPearson Educ.,
_c2002.
300 _axvi, 528 p.
650 0 _aManagement.
_@0000083920
908 _a070403
950 _@1
999 _c11854
_d11854